[Event "45th Olympiad 2024"]
[Site "Budapest HUN"]
[Date "2024.09.18"]
[Round "7.71"]
[White "Cisse, Amadou Lamine"]
[Black "Bandara, Dhanushka"]
[Result "0-1"]
[WhiteElo "1948"]
[BlackElo "1903"]
[TimeControl "40/5400+30:1800_30\""]
[EventDate "2024.09.11"]
[Board "4"]
[WhiteFideId "19900228"]
[BlackFideId "9908048"]
[WhiteTeam "Senegal"]
[BlackTeam "Sri Lanka"]

1. d4 Nf6 2. Bg5 d5 3. Bxf6 exf6 4. c4 Bb4+ 5. Nc3 c5 6. a3 Bxc3+ 7. bxc3
Qa5 8. Qd2 cxd4 9. cxd4 Qxd2+ 10. Kxd2 dxc4 11. Rb1 Nc6 12. e3 Na5 13. Kc3
Be6 14. d5 Bd7 15. Nf3 Rc8 16. Nd4 O-O 17. Be2 Rc5 18. Bf3 f5 19. h4 b6 20.
Rhd1 g6 21. g3 Ba4 22. Re1 Rd8 23. Rb4 b5 24. h5 Kg7 25. hxg6 hxg6 26. Rxa4
bxa4 27. Kb4 Nb7 28. Nc6 a5+ 29. Kxa4 Ra8 30. Rb1 Nd6 31. Nd4 Ra6 32. Nb5
Nc8 33. Nc3 Nb6+ 0-1

[Event "45th Olympiad 2024"]
[Site "Budapest HUN"]
[Date "2024.09.18"]
[Round "7.72"]
[White "Njoroge, Martin"]
[Black "Al-Hajiri, Bader"]
[Result "0-1"]
[WhiteElo "1972"]
[BlackElo "1947"]
[TimeControl "40/5400+30:1800_30\""]
[EventDate "2024.09.11"]
[Board "1"]
[WhiteFideId "10801952"]
[BlackFideId "10300163"]
[WhiteTeam "Kenya"]
[BlackTeam "Kuwait"]

1. d4 d5 2. Nf3 Nf6 3. g3 g6 4. Bg2 Bg7 5. O-O O-O 6. b3 c5 7. Bb2 Ne4 8.
e3 Nc6 9. Qc1 cxd4 10. exd4 Be6 11. Nbd2 Rc8 12. c4 Nxd2 13. Qxd2 dxc4 14.
bxc4 Bxc4 15. Rfc1 Bd5 16. Qe2 Qb6 17. Rd1 Nb4 18. Qxe7 Nc2 19. Ba3 Rfe8
20. Qh4 Bxf3 21. Rab1 Bxd1 22. Rxb6 Re1+ 23. Bf1 axb6 0-1

[Event "45th Olympiad 2024"]
[Site "Budapest HUN"]
[Date "2024.09.18"]
[Round "7.72"]
[White "Al Ibrahim, Abdulrahman"]
[Black "Kanegeni, Matthew Kamau"]
[Result "1/2-1/2"]
[WhiteElo "1932"]
[BlackElo "1976"]
[TimeControl "40/5400+30:1800_30\""]
[EventDate "2024.09.11"]
[Board "2"]
[WhiteFideId "10300503"]
[BlackFideId "10800255"]
[WhiteTeam "Kuwait"]
[BlackTeam "Kenya"]

1. e4 e5 2. Nf3 Nc6 3. Bb5 a6 4. Ba4 Nf6 5. d3 Bc5 6. Bxc6 dxc6 7. Nbd2 Be6
8. O-O Nd7 9. Nb3 Be7 10. d4 Bxb3 11. axb3 exd4 12. Nxd4 O-O 13. Be3 Bc5
14. Nf5 Bxe3 15. Nxe3 Re8 16. f3 Qe7 17. Kh1 Rad8 18. Qe1 Ne5 19. Rd1 Qc5
20. Rd2 Ng6 21. Qd1 Rxd2 22. Qxd2 Qg5 23. Rd1 Ne5 24. Nf5 Qxd2 25. Rxd2 g6
26. Ne3 f6 27. Kg1 Kf8 28. Kf2 Ke7 29. h3 b6 30. Rd1 a5 31. Ng4 Nf7 32. f4
h5 33. Nh2 Nd6 34. Kf3 Kf7 35. Re1 Nb5 36. Rd1 Re7 37. h4 Nd6 38. Re1 Nf5
39. Kf2 Nd4 40. c3 Nxb3 41. Re2 Nc5 42. Kf3 a4 43. g4 Rd7 44. gxh5 gxh5 45.
Nf1 Rd3+ 46. Re3 Rd1 47. Ng3 Rb1 48. Re2 Nd3 49. e5 fxe5 50. fxe5 Rxb2 51.
e6+ Ke8 52. Re4 Nc5 53. Re1 Nd3 54. Re4 a3 55. Nxh5 Rb5 56. Nf6+ Ke7 57.
Ng8+ Ke8 58. Nf6+ Ke7 59. Ng8+ Ke8 1/2-1/2

[Event "45th Olympiad 2024"]
[Site "Budapest HUN"]
[Date "2024.09.18"]
[Round "7.72"]
[White "Oluka, Robert Mcligeyo"]
[Black "Hussain, Hashem"]
[Result "1-0"]
[WhiteElo "1990"]
[BlackElo "1807"]
[TimeControl "40/5400+30:1800_30\""]
[EventDate "2024.09.11"]
[Board "3"]
[WhiteFideId "10814647"]
[BlackFideId "10300716"]
[WhiteTeam "Kenya"]
[BlackTeam "Kuwait"]

1. c4 Nf6 2. Nf3 g6 3. g3 Bg7 4. Bg2 d6 5. Nc3 e5 6. e4 O-O 7. O-O c5 8. d3
Nc6 9. Rb1 a5 10. Bd2 Ne8 11. Nd5 Nc7 12. Nb6 Ra6 13. Nxc8 Qxc8 14. Ne1 Nd4
15. f4 f5 16. exf5 gxf5 17. Nc2 Nce6 18. Ne3 exf4 19. Nd5 Qd7 20. Bxf4 Nxf4
21. Nxf4 b5 22. Re1 bxc4 23. Bd5+ Kh8 24. Qh5 Be5 25. Ng6+ Kg7 26. Qxh7+
1-0

[Event "45th Olympiad 2024"]
[Site "Budapest HUN"]
[Date "2024.09.18"]
[Round "7.72"]
[White "Alabdaljader, Mohammed"]
[Black "Mutuge, Ian"]
[Result "0-1"]
[WhiteElo "1677"]
[BlackElo "1938"]
[TimeControl "40/5400+30:1800_30\""]
[EventDate "2024.09.11"]
[Board "4"]
[WhiteFideId "10304290"]
[BlackFideId "10816593"]
[WhiteTeam "Kuwait"]
[BlackTeam "Kenya"]

1. e4 c5 2. b3 d6 3. Bb2 e6 4. Bb5+ Bd7 5. Bxd7+ Nxd7 6. Nf3 Ngf6 7. Qe2 a6
8. d3 Be7 9. Nbd2 O-O 10. O-O b5 11. a4 Qc7 12. Rfe1 Ne5 13. axb5 axb5 14.
d4 Nxf3+ 15. Nxf3 c4 16. bxc4 bxc4 17. Bc3 d5 18. e5 Ne4 19. Qe3 Rxa1 20.
Rxa1 Rb8 21. Ba5 Qb7 22. Nd2 Nxd2 23. Qxd2 Ra8 24. Rd1 h6 25. g3 Qb5 26.
Bc3 Ra2 27. Qe2 Qa4 28. Rd2 Qa3 29. Qe3 Qc1+ 30. Kg2 Rxc2 31. Rxc2 Qxc2 32.
Qd2 Qxd2 33. Bxd2 Kf8 34. Kf1 Ke8 35. Ke1 Kd7 36. Kd1 Kc6 37. Kc2 Kb5 38.
f4 Bb4 39. Be3 Ba5 40. Bc1 h5 41. Be3 Ka4 42. Bc1 c3 43. h3 g6 44. g4 hxg4
45. hxg4 Kb4 46. Kd3 Kb3 47. Ke2 Kc2 48. Ba3 Kb1 49. f5 c2 50. Kf3 Bb4 51.
Bxb4 c1=Q 52. Bc5 gxf5 53. gxf5 Qf1+ 0-1

[Event "45th Olympiad 2024"]
[Site "Budapest HUN"]
[Date "2024.09.18"]
[Round "7.73"]
[White "David, Leroy Debblay"]
[Black "Mafnas, Peter"]
[Result "1-0"]
[WhiteElo "1904"]
[BlackElo "1886"]
[TimeControl "40/5400+30:1800_30\""]
[EventDate "2024.09.11"]
[Board "2"]
[WhiteFideId "22600876"]
[BlackFideId "31000509"]
[WhiteTeam "Liberia"]
[BlackTeam "Guam"]

1. d4 d5 2. c4 c6 3. Nc3 Nf6 4. Nf3 Bf5 5. cxd5 Nxd5 6. Qb3 Nb6 7. e4 Be6
8. Qc2 g6 9. Bd3 Bg7 10. Be3 Bc4 11. O-O N8d7 12. Nd2 Bxd3 13. Qxd3 Nc5 14.
Qc2 Bxd4 15. Bxd4 Qxd4 16. Rad1 Qd3 17. Qc1 O-O 18. Nf3 Qa6 19. Qg5 Ne6 20.
Qxe7 Rfe8 21. Qf6 Rf8 22. Ne5 Ng7 23. Ng4 Qc4 24. Rd6 Kh8 25. Ne5 Qc5 26.
Rfd1 Kg8 27. Nd3 Qh5 28. Nf4 Qc5 29. R6d3 Nc4 30. Na4 Qe5 31. Qxe5 Nxe5 32.
R3d2 g5 33. Ne2 Ne6 34. Nd4 Nf4 35. Nf5 Ne6 36. Nc3 Nc4 37. Rd7 Nc5 38.
R7d4 Nxb2 39. R1d2 Nbd3 40. R4xd3 Nxd3 41. Rxd3 Rfd8 42. Re3 Rd2 43. g4
Rad8 44. e5 R8d3 45. Rxd3 Rxd3 46. Ne4 Kf8 47. Nxg5 c5 48. Nxh7+ Ke8 49.
Nf6+ Kf8 50. Nd6 b6 51. h4 a6 52. Nd7+ Kg7 53. Nxb6 Rd2 54. a4 Rb2 55. a5
Ra2 56. Nbc4 Rc2 57. Kg2 Kg6 58. Kg3 Kg7 59. f3 Rc1 60. Kf4 Rd1 61. Kg5 Rd4
62. Nf5+ 1-0

[Event "45th Olympiad 2024"]
[Site "Budapest HUN"]
[Date "2024.09.18"]
[Round "7.73"]
[White "Arnold, Smith"]
[Black "Doria, Daniel"]
[Result "1-0"]
[WhiteElo "1915"]
[BlackElo "1745"]
[TimeControl "40/5400+30:1800_30\""]
[EventDate "2024.09.11"]
[Board "4"]
[WhiteFideId "22600558"]
[BlackFideId "31001149"]
[WhiteTeam "Liberia"]
[BlackTeam "Guam"]

1. e4 e5 2. Nf3 Nc6 3. Bb5 a6 4. Ba4 Nf6 5. O-O b5 6. Bb3 Bc5 7. Qe2 d6 8.
c3 Bg4 9. d3 O-O 10. Bg5 h6 11. Bh4 Rb8 12. h3 Be6 13. Nbd2 Bxb3 14. Nxb3
Bb6 15. Kh1 Qe7 16. Rad1 Qe6 17. Rfe1 Rfe8 18. Qc2 Nh5 19. Nbd2 Ne7 20. Nf1
Ng6 21. Bg3 Nxg3+ 22. Nxg3 Nf4 23. Kh2 a5 24. a3 Qf6 25. d4 h5 26. Re3 c5
27. dxe5 dxe5 28. c4 g6 29. cxb5 c4 30. Rc3 h4 31. Nf1 Rbc8 32. Ne3 Ne6 33.
Nd5 Qd8 34. Nxb6 Qxb6 35. a4 Nd4 36. Nxd4 exd4 37. Rxc4 Rxc4 38. Qxc4 Qd6+
39. Kg1 Rxe4 40. f3 Re8 41. Qc6 Qe7 42. Qe4 Qxe4 43. fxe4 Rxe4 44. Kf2 d3
45. b3 Kg7 46. Kf3 Rb4 47. Rxd3 g5 48. Ke2 g4 49. Kd2 f5 50. Kc3 Re4 51.
Rd5 gxh3 52. gxh3 f4 53. Rd4 Re3+ 54. Kc4 f3 55. Rf4 Kg6 56. b6 1-0

[Event "45th Olympiad 2024"]
[Site "Budapest HUN"]
[Date "2024.09.18"]
[Round "7.74"]
[White "Ndahangwapo, Heskiel"]
[Black "Kumar, Manoj"]
[Result "1-0"]
[WhiteElo "2011"]
[BlackElo "1951"]
[TimeControl "40/5400+30:1800_30\""]
[EventDate "2024.09.11"]
[Board "1"]
[WhiteFideId "15202020"]
[BlackFideId "11400064"]
[WhiteTeam "Namibia"]
[BlackTeam "Fiji"]

1. e4 e5 2. Nf3 Nc6 3. Bb5 a6 4. Ba4 Nf6 5. Qe2 Be7 6. c3 b5 7. Bb3 d6 8.
d4 O-O 9. Nbd2 Re8 10. O-O Bf8 11. Rd1 exd4 12. cxd4 h6 13. h3 Bf5 14. Qe3
Nxe4 15. Qf4 Nxd2 16. Bxd2 Ne7 17. Re1 Qd7 18. g4 Be6 19. Bc2 Nd5 20. Qg3
Be7 21. Nh4 Bxh4 22. Qxh4 Nf6 23. Bxh6 gxh6 24. Qxf6 Bxg4 25. Qxh6 Bf5 26.
Qg5+ Bg6 27. Bxg6 fxg6 28. Qxg6+ Qg7 29. Qxg7+ Kxg7 30. Rac1 Rxe1+ 31. Rxe1
c5 32. Re6 Rd8 33. dxc5 dxc5 34. Rxa6 Rd2 35. b3 c4 36. bxc4 bxc4 37. Rc6
Rxa2 38. Rxc4 Kg6 39. Rc5 Rb2 40. Kg2 Ra2 41. Kg3 Ra3+ 42. Kg4 Ra1 43. Rc6+
Kg7 44. f4 Rg1+ 45. Kf5 Rh1 46. Rc7+ Kf8 47. Kf6 Kg8 48. Rc8+ Kh7 49. Rc3
Rf1 50. f5 Ra1 51. Rc7+ Kg8 52. h4 Ra6+ 53. Kg5 Rb6 54. f6 Rb1 55. Kg6 Rg1+
56. Kf5 Rf1+ 57. Kg6 Rg1+ 58. Kf5 Rf1+ 59. Ke5 Re1+ 60. Kd6 Rd1+ 61. Ke7
Re1+ 62. Kd8 Rf1 63. Ke7 Re1+ 64. Kd6 Rd1+ 65. Ke6 Re1+ 66. Kf5 Rf1+ 67.
Kg5 Rg1+ 68. Kh6 Kf8 69. h5 Rg2 70. Kh7 Rg1 71. h6 Rg2 72. Rd7 Rg1 73. Rg7
Rf1 74. Kg6 Rg1+ 75. Kf5 Rf1+ 76. Ke5 Re1+ 77. Kd4 Rd1+ 78. Ke3 Rh1 79. h7
Rh6 80. Rg8+ 1-0

[Event "45th Olympiad 2024"]
[Site "Budapest HUN"]
[Date "2024.09.18"]
[Round "7.74"]
[White "Prasad, Rudr"]
[Black "Eichab, Charles"]
[Result "0-1"]
[WhiteElo "1777"]
[BlackElo "2013"]
[TimeControl "40/5400+30:1800_30\""]
[EventDate "2024.09.11"]
[Board "2"]
[WhiteFideId "11401095"]
[BlackFideId "15200051"]
[WhiteTeam "Fiji"]
[BlackTeam "Namibia"]

1. d4 Nf6 2. c4 e6 3. g3 d5 4. Bg2 c5 5. Nf3 Nc6 6. cxd5 exd5 7. O-O Be7 8.
dxc5 Bxc5 9. Qc2 Be7 10. a3 O-O 11. Rd1 Be6 12. b4 Rc8 13. Qd3 Ne4 14. Bb2
Bf6 15. Nd4 Qb6 16. Bxe4 dxe4 17. Qxe4 Nxd4 18. Rxd4 Bxd4 19. Bxd4 Rc1+ 20.
Kg2 Qc6 21. Qxc6 Rxc6 22. Nd2 Rc2 23. Nf1 Rxe2 24. Bxa7 Ra2 25. Rxa2 Bxa2
26. Bc5 Ra8 27. Ne3 Rxa3 28. Kf3 Be6 29. Ke4 f6 30. h4 Ra2 31. f3 Kf7 32.
h5 Bd7 33. f4 Rd2 34. Nc4 Bc6+ 35. Kf5 Bf3 36. Nxd2 g6+ 37. hxg6+ hxg6# 0-1

[Event "45th Olympiad 2024"]
[Site "Budapest HUN"]
[Date "2024.09.18"]
[Round "7.74"]
[White "Khoa, Goodwill"]
[Black "Terubea, Ronald"]
[Result "1-0"]
[WhiteElo "1890"]
[BlackElo "1836"]
[TimeControl "40/5400+30:1800_30\""]
[EventDate "2024.09.11"]
[Board "3"]
[WhiteFideId "15200264"]
[BlackFideId "11400331"]
[WhiteTeam "Namibia"]
[BlackTeam "Fiji"]

1. Nf3 Nc6 2. c4 e5 3. Nc3 Nf6 4. d3 d5 5. cxd5 Nxd5 6. g3 Be7 7. Bg2 Be6
8. Qa4 O-O 9. O-O Nb6 10. Qc2 f5 11. Bd2 Bf6 12. Qc1 h6 13. Rd1 Qe7 14. Bh3
g5 15. Bg2 g4 16. Nh4 Bxh4 17. gxh4 Qxh4 18. Bxh6 Rf7 19. Qg5+ Qxg5 20.
Bxg5 Kh7 21. f4 Rg8 22. Rac1 Nd4 23. e3 Nf3+ 24. Bxf3 gxf3 25. Kf2 exf4 26.
exf4 Nd5 27. Nb5 Nf6 28. h3 c6 29. Nc3 Nd5 30. a3 Rd7 31. Kxf3 Nc7 32. Rd2
Bb3 33. Re1 Rgg7 34. h4 a5 35. Re5 Rgf7 36. Rxa5 b5 37. Ra7 c5 38. Kf2 Rf8
39. Nxb5 Rff7 40. Nxc7 Rxc7 41. Rxc7 Rxc7 42. Re2 Kg6 43. Re7 Rc6 44. Kg3
c4 45. h5+ 1-0

[Event "45th Olympiad 2024"]
[Site "Budapest HUN"]
[Date "2024.09.18"]
[Round "7.74"]
[White "Maharaj, Yash Krishen"]
[Black "Nitzborn, Max Baron"]
[Result "1/2-1/2"]
[WhiteElo "1847"]
[BlackElo "1800"]
[TimeControl "40/5400+30:1800_30\""]
[EventDate "2024.09.11"]
[Board "4"]
[WhiteFideId "11402504"]
[BlackFideId "15200434"]
[WhiteTeam "Fiji"]
[BlackTeam "Namibia"]

1. e4 c5 2. Nf3 Nc6 3. d4 cxd4 4. Nxd4 g6 5. c4 Bg7 6. Be3 Nf6 7. Nc3 d6 8.
f3 Bd7 9. Qd2 O-O 10. Be2 Nxd4 11. Bxd4 Bc6 12. O-O b6 13. Be3 Rc8 14. Rac1
Qd7 15. b3 Qb7 16. Rfe1 Nd7 17. Nd5 Rfe8 18. Nb4 a5 19. Nxc6 Qxc6 20. f4
Qxe4 21. Bg4 Qc6 22. Bxd7 Qxd7 23. Bxb6 Qc6 24. Bf2 Ra8 25. Qd5 Qc7 26.
Rcd1 Kf8 27. f5 Be5 28. Bd4 Bxd4+ 29. Qxd4 Qc5 30. Qxc5 dxc5 31. Re5 Rac8
32. Kf2 Rc6 33. g4 Rec8 34. Red5 Kg7 35. g5 gxf5 36. Rxf5 h6 37. Rd7 Kg6
38. Re5 hxg5 39. Rexe7 Rf6+ 40. Kg2 Rcc6 41. Rd5 Rfe6 42. Rxe6+ Rxe6 43.
Rxc5 Re2+ 44. Kg3 Rxa2 45. h4 f6 46. hxg5 fxg5 47. Rd5 Ra3 48. Rb5 a4 49.
Kg4 Rxb3 50. Rxg5+ Kf6 51. Ra5 Rb4 1/2-1/2

[Event "45th Olympiad 2024"]
[Site "Budapest HUN"]
[Date "2024.09.18"]
[Round "7.75"]
[White "Giasi, Viresh"]
[Black "Khalema, Sechaba"]
[Result "1-0"]
[WhiteElo "1998"]
[BlackElo "1779"]
[TimeControl "40/5400+30:1800_30\""]
[EventDate "2024.09.11"]
[Board "1"]
[WhiteFideId "8200165"]
[BlackFideId "14317176"]
[WhiteTeam "Suriname"]
[BlackTeam "Lesotho"]

1. d4 d5 2. Nf3 Nf6 3. e3 Bg4 4. Nbd2 e6 5. Be2 Be7 6. b3 Nbd7 7. Bb2 Qb8
8. Ne5 Bxe2 9. Qxe2 Nb6 10. O-O O-O 11. f4 Nc8 12. Ng4 Nd6 13. Nxf6+ Bxf6
14. Ba3 Rd8 15. Bxd6 Rxd6 16. g4 g6 17. b4 a5 18. b5 c5 19. c3 a4 20. e4
Rd7 21. e5 Bd8 22. f5 cxd4 23. cxd4 Bb6 24. Nf3 Rc7 25. Rac1 Qc8 26. Rxc7
Qxc7 27. Qe3 Qc2 28. f6 Qe4 29. Qh6 1-0

[Event "45th Olympiad 2024"]
[Site "Budapest HUN"]
[Date "2024.09.18"]
[Round "7.75"]
[White "Thabang, Mphane"]
[Black "Yeung, Jason"]
[Result "0-1"]
[WhiteElo "1799"]
[BlackElo "1993"]
[TimeControl "40/5400+30:1800_30\""]
[EventDate "2024.09.11"]
[Board "2"]
[WhiteFideId "21301549"]
[BlackFideId "8203970"]
[WhiteTeam "Lesotho"]
[BlackTeam "Suriname"]

1. Nf3 Nf6 2. c4 e6 3. g3 d5 4. Bg2 c6 5. O-O dxc4 6. a4 Be7 7. Na3 O-O 8.
Nxc4 b6 9. Nfe5 Qc7 10. d4 Bb7 11. Bf4 Nh5 12. Bd2 Rd8 13. e4 Nf6 14. Bf4
Qc8 15. a5 b5 16. Ne3 a6 17. g4 c5 18. d5 exd5 19. exd5 g6 20. h4 Nfd7 21.
Nf3 Nf6 22. Ne5 Nfd7 23. Nxd7 Qxd7 24. g5 Bf8 25. Rc1 Qc8 26. Ng4 Nd7 27.
Bh3 Bg7 28. Qd2 c4 29. Bd6 c3 30. Qe3 Qc4 31. Rfd1 Bxd5 32. f3 Re8 33. Bf1
Qc6 34. Be7 Bxf3 35. Rxd7 Qxd7 36. Nf6+ Bxf6 37. gxf6 Qg4+ 38. Kf2 Qh5 39.
Rxc3 Bd5 40. Qg5 Qxg5 41. hxg5 Rac8 42. Rd3 Rc2+ 43. Be2 Bc4 44. Re3 Rxb2
45. Kf3 Rxe2 46. Rxe2 Bxe2+ 47. Kxe2 Rc8 48. Kd3 Rc4 49. Bd6 Rg4 0-1

[Event "45th Olympiad 2024"]
[Site "Budapest HUN"]
[Date "2024.09.18"]
[Round "7.75"]
[White "Chashawa, Shaief"]
[Black "Karabo, Mokete"]
[Result "0-1"]
[WhiteElo "1825"]
[BlackElo "1836"]
[TimeControl "40/5400+30:1800_30\""]
[EventDate "2024.09.11"]
[Board "3"]
[WhiteFideId "8201510"]
[BlackFideId "21303622"]
[WhiteTeam "Suriname"]
[BlackTeam "Lesotho"]

1. e4 c5 2. Nf3 d6 3. d4 cxd4 4. Nxd4 Nf6 5. Nc3 a6 6. Bg5 e6 7. Qd2 h6 8.
Bxf6 Qxf6 9. O-O-O Nc6 10. Nxc6 bxc6 11. Bc4 Qd8 12. f4 Be7 13. Kb1 Rb8 14.
b3 Qa5 15. Ne2 Qa3 16. Ng3 d5 17. Be2 a5 18. Qd4 Bf6 19. e5 Be7 20. Qb2 Qb4
21. Qd4 c5 22. Qd2 c4 23. Qxb4 Rxb4 24. c3 Rb6 25. Kc2 cxb3+ 26. axb3 Bd7
27. Ra1 a4 28. bxa4 O-O 29. a5 Rbb8 30. Rhb1 Bc5 31. Nf1 Bc6 32. Bf3 Bb5
33. a6 Ba7 34. Kd2 Rb6 35. Be2 Bc6 36. Rxb6 Bxb6 37. Ne3 Rd8 38. Nc2 d4 39.
Bf3 Bxf3 40. gxf3 dxc3+ 41. Kxc3 f6 42. Ra4 fxe5 43. fxe5 Kh7 44. Rc4 Ba5+
45. Kb3 Rd3+ 46. Ka4 Bb6 47. f4 Kg6 48. Kb5 Bg1 49. Nb4 Rb3 50. Ka4 Rb2 51.
Rc2 Rxc2 52. Nxc2 Kf5 53. Kb5 Kxf4 54. Nb4 Ba7 55. Nd3+ Ke4 56. Kc4 g5 57.
Nb4 h5 58. Nc6 Bb6 59. Kb5 Be3 60. Na5 g4 61. Kc6 Kd3 62. Nb7 Kc4 63. Nd8
h4 64. Nxe6 g3 65. hxg3 h3 66. Nf4 h2 67. e6 Bxf4 68. gxf4 h1=Q+ 69. Kd7
Kc5 70. e7 Qc6+ 71. Kd8 Qd6+ 72. Ke8 Qxa6 73. f5 Qf6 74. Kd7 Qd6+ 75. Ke8
Kd5 76. Kf7 Qd7 77. f6 Qe6+ 0-1

[Event "45th Olympiad 2024"]
[Site "Budapest HUN"]
[Date "2024.09.18"]
[Round "7.75"]
[White "Motlomelo, Lihloela"]
[Black "Kalka, Shiva"]
[Result "0-1"]
[WhiteElo "1696"]
[BlackElo "1849"]
[TimeControl "40/5400+30:1800_30\""]
[EventDate "2024.09.11"]
[Board "4"]
[WhiteFideId "21301948"]
[BlackFideId "8201749"]
[WhiteTeam "Lesotho"]
[BlackTeam "Suriname"]

1. e4 c5 2. Nf3 e6 3. d4 cxd4 4. Nxd4 Nc6 5. Nc3 Qc7 6. Be3 a6 7. Be2 b5 8.
Qd2 Bb7 9. f3 Nf6 10. O-O-O Bb4 11. Kb1 Rc8 12. Nxc6 Bxc6 13. a3 Be7 14. g4
O-O 15. g5 Ne8 16. Na2 a5 17. Bd3 d5 18. h4 Nd6 19. Bf4 Qb7 20. Bxd6 Bxd6
21. exd5 Bxd5 22. Be4 Bxe4 23. fxe4 Bc7 24. Qe1 Qc6 25. Qe2 Be5 26. Rh3 Qc5
27. Rb3 Rb8 28. Qe3 Qc4 29. Qd3 Qc6 30. Qe2 Rfc8 31. Rbd3 f6 32. gxf6 Bxf6
33. h5 Qc5 34. c3 Qe5 35. h6 g6 36. Qg2 b4 37. cxb4 axb4 38. Nxb4 Rc4 39.
Re3 Bg5 40. Re2 Bxh6 41. Qh2 Bf4 42. Qg2 Rd4 43. Rf1 Qd6 44. Qf3 g5 45. Rg2
Kh8 46. e5 Bxe5 47. Rxg5 Rd2 48. Rf2 Rxf2 49. Qxf2 Rf8 50. Qe1 Bf6 51. Rh5
Qd4 52. Rh2 Rg8 53. Rh1 Qxb2# 0-1

[Event "45th Olympiad 2024"]
[Site "Budapest HUN"]
[Date "2024.09.18"]
[Round "7.76"]
[White "Ah Kye, Benitot"]
[Black "Al Maashani, Amer"]
[Result "0-1"]
[WhiteElo "1815"]
[BlackElo "1979"]
[TimeControl "40/5400+30:1800_30\""]
[EventDate "2024.09.11"]
[Board "1"]
[WhiteFideId "9700552"]
[BlackFideId "22000100"]
[WhiteTeam "Mauritius"]
[BlackTeam "Oman"]

1. e4 c5 2. Nf3 g6 3. d4 cxd4 4. Nxd4 Nf6 5. Nc3 d6 6. Be3 Nc6 7. f3 h5 8.
Qd2 Nxd4 9. Qxd4 Bg7 10. O-O-O O-O 11. Qd2 Be6 12. Kb1 Rc8 13. Bd4 Kh7 14.
h3 Qa5 15. a3 Nd7 16. Bxg7 Kxg7 17. g4 Rh8 18. Be2 Nb6 19. f4 Bc4 20. Qd4+
f6 21. g5 Bxe2 22. gxf6+ exf6 23. Nxe2 Rc4 24. Qxd6 Re8 25. e5 Rc6 26.
exf6+ Kf7 27. Qd3 Rxf6 28. Qb3+ Kg7 29. Nd4 Qd5 30. Qxd5 Nxd5 31. f5 gxf5
32. Nb5 Nb6 33. Nxa7 Re5 34. Rd8 f4 35. Nc8 Nxc8 36. Rxc8 f3 37. Rd8 f2 38.
Rdd1 Rfe6 39. Kc1 Re1 40. Rf1 Rxf1 0-1

[Event "45th Olympiad 2024"]
[Site "Budapest HUN"]
[Date "2024.09.18"]
[Round "7.76"]
[White "Salim Mohammed, Salim Al Amri"]
[Black "Chinasamy, Devarajen"]
[Result "1-0"]
[WhiteElo "1926"]
[BlackElo "1975"]
[TimeControl "40/5400+30:1800_30\""]
[EventDate "2024.09.11"]
[Board "2"]
[WhiteFideId "22000089"]
[BlackFideId "9700072"]
[WhiteTeam "Oman"]
[BlackTeam "Mauritius"]

1. d4 d5 2. c4 c6 3. Nc3 Nf6 4. Nf3 a6 5. c5 Bg4 6. Ne5 Bh5 7. Qb3 Ra7 8.
f3 Nfd7 9. g4 Nxe5 10. gxh5 Ned7 11. e4 e5 12. exd5 Qh4+ 13. Ke2 exd4 14.
Ne4 Nxc5 15. Qb6 Nxe4 16. Qxa7 Qf2+ 17. Kd1 Qxf3+ 18. Kc2 Bd6 19. Qxd4 Qxh1
20. Bd2 Nxd2 21. Re1+ Kd8 22. Qxg7 Re8 23. Qf6+ Be7 24. Rxe7 Nd7 25. Rxd7+
Kxd7 26. Bh3+ Kc7 27. Qxf7+ Kb6 28. Qxe8 Nc4 29. Be6 Qxh2+ 30. Kc3 Nd6 31.
Qd8+ Ka7 32. a4 Qe5+ 33. Kb3 cxd5 34. Bg8 d4 35. a5 Qc5 36. Qb6+ Qxb6+ 37.
axb6+ Kxb6 38. Bxh7 Ne8 39. Kc4 Nf6 40. Bg6 d3 41. Kxd3 Kc5 42. h6 a5 43.
h7 Nxh7 44. Bxh7 Kb4 45. Bg8 a4 46. Ba2 b5 47. Kd4 Ka5 48. Kc5 Ka6 49. Kb4
Kb6 50. Bd5 Ka6 51. Bc6 Kb6 52. Bxb5 Ka7 53. Bxa4 Kb6 54. Bd1 Kb7 55. Kb5
Ka7 56. Bf3 Kb8 57. Kb6 Kc8 58. b4 Kb8 59. b5 1-0

[Event "45th Olympiad 2024"]
[Site "Budapest HUN"]
[Date "2024.09.18"]
[Round "7.76"]
[White "Lam Kin Cheung, Stephane"]
[Black "Al Busaidi, Hamood"]
[Result "0-1"]
[WhiteElo "1677"]
[BlackElo "1881"]
[TimeControl "40/5400+30:1800_30\""]
[EventDate "2024.09.11"]
[Board "3"]
[WhiteFideId "9700579"]
[BlackFideId "22006230"]
[WhiteTeam "Mauritius"]
[BlackTeam "Oman"]

1. e4 c5 2. Nc3 e6 3. f4 a6 4. g3 d5 5. Bg2 d4 6. Nce2 Nc6 7. d3 h5 8. Nf3
Be7 9. h3 Qc7 10. O-O b5 11. g4 hxg4 12. hxg4 Nh6 13. g5 Ng4 14. c3 Bb7 15.
cxd4 cxd4 16. Bd2 f5 17. Qb3 Qd7 18. a4 fxe4 19. Ne5 Ncxe5 20. fxe5 e3 21.
Be1 Bxg2 22. Kxg2 Qb7+ 23. Kg3 Nh2 24. Rf4 Qh1 25. Qxe6 Nf1+ 26. Rxf1 Qh2+
27. Kf3 Rf8+ 28. Ke4 Qg2+ 29. Kxd4 Rd8+ 30. Kxe3 Rxf1 31. Bb4 Qf3+ 32. Kd2
Qxd3# 0-1

[Event "45th Olympiad 2024"]
[Site "Budapest HUN"]
[Date "2024.09.18"]
[Round "7.76"]
[White "Al Mashikhi, Mohammed Alyan"]
[Black "Naipal, Hoolan"]
[Result "1-0"]
[WhiteElo "1959"]
[BlackElo "1851"]
[TimeControl "40/5400+30:1800_30\""]
[EventDate "2024.09.11"]
[Board "4"]
[WhiteFideId "22000097"]
[BlackFideId "9700382"]
[WhiteTeam "Oman"]
[BlackTeam "Mauritius"]

1. e4 c5 2. Nf3 g6 3. d4 cxd4 4. Nxd4 Bg7 5. Nc3 Nc6 6. Be3 Nh6 7. f3 O-O
8. Nxc6 dxc6 9. Qc1 Ng4 10. fxg4 Bxc3+ 11. bxc3 Bxg4 12. Bd3 Qa5 13. Qb2 e5
14. O-O Kg7 15. h3 Be6 16. Qxb7 Qxc3 17. Qe7 h5 18. Qf6+ Kh7 19. Rab1 c5
20. Qg5 Rh8 21. Rb7 Raf8 22. Re7 Bxa2 23. Rf6 Kg7 24. Qxg6# 1-0

[Event "45th Olympiad 2024"]
[Site "Budapest HUN"]
[Date "2024.09.18"]
[Round "7.77"]
[White "Pereira, Sergio"]
[Black "Mathurin, Nathaniel"]
[Result "0-1"]
[WhiteElo "1988"]
[BlackElo "1982"]
[TimeControl "40/5400+30:1800_30\""]
[EventDate "2024.09.11"]
[Board "1"]
[WhiteFideId "1908316"]
[BlackFideId "23000139"]
[WhiteTeam "Sao Tome and Principe"]
[BlackTeam "Saint Lucia"]

1. e4 c5 2. Nc3 e6 3. Nge2 a6 4. g3 h5 5. h3 Nc6 6. Bg2 Nf6 7. O-O Qc7 8.
d4 cxd4 9. Nxd4 Nxd4 10. Qxd4 Bc5 11. Qd3 d6 12. Bf4 Nd7 13. Na4 e5 14. Bg5
Bd4 15. c3 Ba7 16. b4 b5 17. Nb2 Bb7 18. Rad1 Rc8 19. Qxd6 Qxd6 20. Rxd6
Rxc3 21. Nd1 Ra3 22. Be3 Bb8 23. Rd2 Ke7 24. Rc2 Rc8 25. Bc5+ Nxc5 26. bxc5
Ba7 27. Ne3 Rxc5 28. Nf5+ Kf6 29. Rxc5 Bxc5 30. Rc1 g6 31. Ne3 Bxe3 32.
fxe3 Ra4 33. Rc2 Bxe4 34. Bxe4 Rxe4 35. Rc6+ Kf5 36. Rxa6 Rxe3 37. Kf2 Rc3
38. Ra5 Ke4 39. Rxb5 Rc2+ 40. Kg1 Rxa2 41. Rb7 f6 42. Rb6 Kf5 43. Kh1 Rd2
44. Ra6 h4 45. g4+ Kg5 46. Re6 Re2 47. Ra6 f5 48. gxf5 gxf5 49. Ra8 e4 50.
Rh8 Kf4 51. Rg8 Re3 52. Kh2 Rg3 53. Rh8 e3 54. Rxh4+ Kf3 55. Rh5 f4 56. Re5
e2 57. h4 Kf2 0-1